000 00933nac a22002891i 4500
003 EG-ScBUE
005 20240527093057.0
008 240527s2001 enkb f b 001 0 eng d
020 _a0192801309
020 _a9780192801302
040 _aEG-ScBUE
_beng
_erda
_cEG-ScBUE
_dEG-ScBUE
043 _aa-le---
082 0 4 _a956.92044
_bFIS
_222
100 1 _aFisk, Robert,
_eauthor.
245 1 0 _aPity the nation :
_bLebanon at war /
_cRobert Fisk.
250 _aThird edition.
264 1 _aOxford ;
_aNew York :
_bOxford University Press,
_c2001.
300 _axxi, 727 pages :
_bmaps ;
_c20 cm
336 _2rdacontent
_atext
_btxt
337 _aunmediated
_2rdamedia
_bn
338 _avolume
_bnc
_2rdacarrier
504 _aIncludes bibliographical references and index.
651 7 _aLebanon
_xHistory
_yCivil War, 1975-1990.
_2BUEsh
655 _vReading book
942 _cBB
_2ddc
999 _c9574
_d9574